Stanovení transferových cen a jejich daňový dopad
Vymedzenie pojmu transferová cena. Motívy zneužívania transferových cien. Model závislého trhu. Logický transfer ziskov. Metódy stanovenia transferových cien. Transferové ceny z pohľadu českého daňového práva.
Na minha lista:
| Autor principal: | |
|---|---|
| Formato: | Capítulo de Livro |
| Idioma: | tcheco |
| Assuntos: | |
| Tags: |
Sem tags, seja o primeiro a adicionar uma tag!
|
MARC
| LEADER | 00000naa$a2200000$$$4500 | ||
|---|---|---|---|
| 001 | 0039168 | ||
| 005 | 20231114082343.0 | ||
| 041 | 0 | |a cze | |
| 044 | |a CZ | ||
| 245 | 1 | 0 | |a Stanovení transferových cen a jejich daňový dopad |c Tomáš Brabenec |
| 520 | |a Vymedzenie pojmu transferová cena. Motívy zneužívania transferových cien. Model závislého trhu. Logický transfer ziskov. Metódy stanovenia transferových cien. Transferové ceny z pohľadu českého daňového práva. | ||
| 610 | 2 | 0 | |a ceny transferové |
| 610 | 2 | 0 | |a právo daňové |
| 610 | 2 | 0 | |a Česko |
| 610 | 2 | 0 | |a dopad daňový |
| 610 | 2 | 0 | |a trh |
| 610 | 2 | 0 | |a podnik |
| 100 | 1 | |a Brabenec, Tomáš | |